000 00308nam a22000977a 4500
999 _c2916
_d2916
008 181231b ||||| |||| 00| 0 eng d
100 _aRostenberg, Leona
245 _aBibliately
260 _bThe American Philatelic Society
_c1978
650 _aTopical Collecting -- Books | Printing | Topical Collecting -- History